La mujer cubana en el quehacer de la historia / (Record no. 14280)
[ view plain ]
| 000 -CABECERA | |
|---|---|
| campo de control de longitud fija | 00939cam a2200265 a 4500 |
| 001 - NÚMERO DE CONTROL | |
| campo de control | 000014697 |
| 005 - FECHA Y HORA DE LA ÚLTIMA TRANSACCIÓN | |
| campo de control | 20200929163904.0 |
| 008 - DATOS DE LONGITUD FIJA--INFORMACIÓN GENERAL | |
| campo de control de longitud fija | 810115s1980 mx 000 0 spa |
| 020 ## - NÚMERO INTERNACIONAL ESTÁNDAR DEL LIBRO | |
| Número Internacional Estándar del Libro | 9682305659 |
| 035 ## - NÚMERO DE CONTROL DEL SISTEMA | |
| Número de control de sistema | (DLC) 80121862 |
| 040 ## - FUENTE DE LA CATALOGACIÓN | |
| Centro catalogador/agencia de origen | DO-SdBNP |
| Lengua de catalogación | spa |
| Centro/agencia transcriptor | BNPHU |
| Centro/agencia modificador | DLC |
| 082 ## - NÚMERO DE LA CLASIFICACIÓN DECIMAL DEWEY | |
| Número de clasificación | 305.437291 |
| Número de documento/Ítem | S463m |
| 049 ## - FONDOS LOCALES (OCLC) | |
| Fondos de biblioteca | BNGR |
| 100 1# - ENTRADA PRINCIPAL--NOMBRE DE PERSONA | |
| Nombre de persona | Séjourné, Laurette, |
| Fechas asociadas al nombre | 1911-2003. |
| 9 (RLIN) | 33321 |
| 245 13 - MENCIÓN DE TÍTULO | |
| Título | La mujer cubana en el quehacer de la historia / |
| Mención de responsabilidad, etc. | Laurette Séjourné. |
| 260 ## - PUBLICACIÓN, DISTRIBUCIÓN, ETC. | |
| Lugar de publicación, distribución, etc. | México : |
| Nombre del editor, distribuidor, etc. | Siglo Veintiuno, |
| Fecha de publicación, distribución, etc. | 1980. |
| 300 ## - DESCRIPCIÓN FÍSICA | |
| Extensión | xi, 413 p. ; |
| Dimensiones | 23 cm. |
| 490 1# - MENCIÓN DE SERIE | |
| Mención de serie | América nuestra |
| Designación de volumen o secuencia | 26 |
| Mención de serie | Caminos de liberación. |
| 500 ## - NOTA GENERAL | |
| Nota general | "Código de familia": p. 381-408. |
| 650 #4 - PUNTO DE ACCESO ADICIONAL DE MATERIA--TÉRMINO DE MATERIA | |
| Término de materia o nombre geográfico como elemento de entrada | Mujeres y socialismo |
| Subdivisión geográfica | Cuba |
| 9 (RLIN) | 33322 |
| 650 #4 - PUNTO DE ACCESO ADICIONAL DE MATERIA--TÉRMINO DE MATERIA | |
| Término de materia o nombre geográfico como elemento de entrada | Mujeres |
| Subdivisión general | Condiciones sociales |
| Subdivisión geográfica | Cuba |
| 9 (RLIN) | 31820 |
| 710 12 - PUNTO DE ACCESO ADICIONAL--NOMBRE DE ENTIDAD CORPORATIVA | |
| Nombre de entidad corporativa o nombre de jurisdicción como elemento de entrada | Cuba. |
| Título de la obra | Codigo de familia. |
| Fecha de publicación/de la obra | 1980. |
| 9 (RLIN) | 33323 |
| 830 #0 - PUNTO DE ACCESO ADICIONAL DE SERIE-TÍTULO UNIFORME | |
| Título uniforme | América nuestra ; |
| Designación de volumen o secuencia | 26, |
| Nombre de parte o sección de la obra | Caminos de liberación. |
| 9 (RLIN) | 16974 |
| 910 ## - DATOS DE OPCIÓN DEL USUARIO (OCLC) | |
| Datos de opción del usuario | Catalogación por copia / LC |
| Estado de retiro | Estado de pérdida | Restricciones de uso | No para préstamo | Código de colección | Localización permanente | Ubicación/localización actual | Ubicación en estantería | Fecha de adquisición | Número de inventario | Total de préstamos | Signatura topográfica completa | Código de barras | Fecha visto por última vez | Precio válido a partir de | Tipo de ítem Koha |
|---|---|---|---|---|---|---|---|---|---|---|---|---|---|---|---|
| Excluido de préstamo | Monografías: Libros y Folletos | General | General | En catalogación | 18.01.2010 | LF1 | 305.437291 S463m | 14697-10 | 25.06.2020 | 25.06.2020 | No se presta |
